| 000 | 00407nam a2200157Ia 4500 | ||
|---|---|---|---|
| 008 | 160316s1984 xxu||||| |||| 00| 0 eng d | ||
| 082 |
_a341.470000 _bFAW |
||
| 100 | _aFawcett J E S | ||
| 245 | _aOuter space : New challenges to law and policy | ||
| 250 | _a | ||
| 260 |
_aOxford _bClarendon Press _c1984 |
||
| 300 |
_a169 _b _cvi |
||
| 365 | _b | ||
| 650 | _a1.International Law - Space L;aw | ||
| 700 |
_a _a |
||
| 999 |
_c9636 _d9636 |
||